Language Quiz

Random Language Quiz
Score 0/20 Timer 05:00
0 Plays Today
La Pregunta La Respuesta % Correct
????
100%
????
84.2%
????
78.9%
????
73.7%
????
68.4%
????
47.4%
????
31.6%
????
21.1%
????
15.8%
????
15.8%
La Pregunta La Respuesta % Correct
????
15.8%
????
15.8%
????
15.8%
????
15.8%
????
15.8%
????
15.8%
????
15.8%
????
10.5%
????
5.3%
????
5.3%
Remove Ads.
Support Sporcle.
Get the best of Sporcle when you Go Orange. This ad-free experience offers more features, more stats, and more fun while also helping to support Sporcle. Thank you for becoming a member.

You're not logged in!

Compare scores with friends on all Sporcle quizzes.
OR
Log In

Show Comments

Extras

Created Nov 7, 2010ReportNominate
Tags:pregunta, respuesta

Top Quizzes Today


Score Distribution

Your Account Isn't Verified!

In order to create a playlist on Sporcle, you need to verify the email address you used during registration. Go to your Sporcle Settings to finish the process.

Report this User

Report this user for behavior that violates our Community Guidelines.

Details: